| 000 | 01130nam a2200229Ia 4500 | ||
|---|---|---|---|
| 001 | 17777 | ||
| 005 | 20260330112916.0 | ||
| 008 | 260306s9999||||xx |||||||||||||| ||und|| | ||
| 041 | _aESP | ||
| 082 |
_a658.1592 _bV915 |
||
| 100 |
_aAsociación Española de Contabilidad y Administración de Empresas (AECA) _eAUT |
||
| 245 | 0 | _aValoración de Pymes | |
| 260 | _c2005 | ||
| 300 |
_a98 páginas : _c21 cm. |
||
| 650 | _aGEN | ||
| 654 | _aCAN | ||
| 856 |
_uhttps://itmsp.museknowledge.com/UCSP?url=https://www.ebooks7-24.com:443/?il=8980&pg=1 _zVéase además: Valores razonables: perspectiva de los estándares internacionales de información financiera para pymes, por Samuel Alberto Mantilla. Versión digital |
||
| 856 |
_uhttps://0u213unvq-y-https-ebooks7--24-com.itmsp.museknowledge.com/biblioteca.aspx _zVéase además: Base de datos Ebook7-24 |
||
| 856 |
_uhttps://www.legismovil.pe/LNP.asp _zVéase además: Base de datos LegisMóvil |
||
| 856 |
_uhttps://0u219unvy-y-https-legal-legis-com-pe.itmsp.museknowledge.com/Interm/Intermedia_Ucsp.htm _zVéase además: Base de datos Multilegis |
||
| 942 |
_cLIB _dJUS _fJUS _2ddc |
||
| 999 |
_c17777 _d17777 |
||